Estudios sobre el proyecto europeo de la unión de los tres mares Mediterráneo, Cantábrico y Atlántico por el Ebro y el Duero, el Canal Imperial y el de Castilla / (Record no. 158579)

MARC details
000 -LEADER
campo de control de longitud fija 01067nam a2200217 i 4500
001 - NÚMERO DE CONTROL
campo de control 158579
003 - IDENTIFICADOR DE NÚMERO DE CONTROL
campo de control ES-MaACL
005 - FECHA Y HORA DE LA ÚLTIMA TRANSACCIÓN
campo de control 20230906211224.0
008 - DATOS DE LONGITUD FIJA--INFORMACIÓN GENERAL
campo de control de longitud fija 000111s1850 sp ab |||| | spa d
100 1# - ENTRADA PRINCIPAL--NOMBRE DE PERSONA
Nombre de persona Malo, Nicolás.
9 (RLIN) 129394
245 10 - MENCIÓN DEL TÍTULO
Título Estudios sobre el proyecto europeo de la unión de los tres mares Mediterráneo, Cantábrico y Atlántico por el Ebro y el Duero, el Canal Imperial y el de Castilla /
Mención de responsabilidad, etc. por Nicolás Malo.
260 ## - PUBLICACIÓN, DISTRIBUCIÓN, ETC.
Lugar de publicación, distribución, etc. Madrid :
Nombre del editor, distribuidor, etc. [s.n.],
Fecha de publicación, distribución, etc. 1850 (
Fabricante Estab. tip. de Aguirre y Compañía)
300 ## - DESCRIPCIÓN FÍSICA
Extensión 230 p., 1 h. de mapa pleg. ;
Dimensiones 16 cm.
500 ## - NOTA GENERAL
Nota general Mapas y planos incluidos: [1. España. N. Canales. 1850.]
530 ## - NOTA DISPONIBLE DE FORMULARIO FÍSICO ADICIONAL
Nota de formato físico adicional disponible Disponible en formato digital.
597 ## - NOTA DE DESCRIPCIÓN FÍSICA
NOTA DE DESCRIPCIÓN FÍSICA Antep.
651 #4 - PUNTO DE ACCESO ADICIONAL DE MATERIA--NOMBRE GEOGRÁFICO
Nombre geográfico Canal de Castilla.
9 (RLIN) 150423
651 #4 - PUNTO DE ACCESO ADICIONAL DE MATERIA--NOMBRE GEOGRÁFICO
Nombre geográfico Canal Imperial de Aragón.
9 (RLIN) 169494
852 4# - LOCALIZACIÓN
Ubicación ES-MaACL
Número de control de estantería T-39-F-3
Nota libre - Enc. hol., falto de cub. original
-- - Enc. en un vol. facticio
-- - Dedicatoria autógrafa del autor
856 4# - LOCALIZACIÓN Y ACCESO ELECTRÓNICOS
Identificador Uniforme de Recursos <a href="https://bibliotecadigital.jcyl.es/es/consulta/registro.do?id=1095">https://bibliotecadigital.jcyl.es/es/consulta/registro.do?id=1095</a>
Nota pública Biblioteca Digital de Castilla y León
Holdings
Estatus retirado Estado de pérdida Estado de daño No para préstamo Colección Biblioteca de origen Biblioteca actual Ubicación en estantería Fecha de adquisición Total de préstamos Signatura topográfica completa Código de barras Visto por última vez Precio de reemplazo Tipo de ítem Koha
        Colección de folletos Biblioteca del Ateneo de Madrid Biblioteca del Ateneo de Madrid Depósito folletos 17/01/2008   T-39-F-3 1165979 23/02/2023 23/02/2023 Folleto